| 000 | 01554nam a2200361Ia 4500 | ||
|---|---|---|---|
| 001 | ebr10404177 | ||
| 003 | CaPaEBR | ||
| 006 | m u | ||
| 007 | cr cn||||||||| | ||
| 008 | 090303s2010 mnua sb 001 0 eng d | ||
| 010 | _z 2009009243 | ||
| 020 | _z9780816648344 (hc : alk. paper) | ||
| 020 | _z9780816648351 (pb : alk. paper) | ||
| 040 |
_aCaPaEBR _cCaPaEBR |
||
| 035 | _a(OCoLC)648757472 | ||
| 050 | 1 | 4 |
_aBV1110 _b.L87 2010eb |
| 082 | 0 | 4 |
_a726/.9 _222 |
| 100 | 1 | _aLupkin, Paula. | |
| 245 | 1 | 0 |
_aManhood factories _h[electronic resource] : _bYMCA architecture and the making of modern urban culture / _cPaula Lupkin. |
| 260 |
_aMinneapolis : _bUniversity of Minnesota Press, _c2010. |
||
| 300 |
_axxiv, 253 p. : _bill. |
||
| 490 | 1 | _aArchitecture, landscape, and American culture series | |
| 504 | _aIncludes bibliographical references and index. | ||
| 533 |
_aElectronic reproduction. _bPalo Alto, Calif. : _cebrary, _d2011. _nAvailable via World Wide Web. _nAccess may be limited to ebrary affiliated libraries. |
||
| 650 | 0 |
_aYoung Men's Christian associations _xBuildings. |
|
| 650 | 0 |
_aArchitecture _xMoral and ethical aspects _zUnited States. |
|
| 650 | 0 |
_aArchitecture and society _zUnited States. |
|
| 650 | 0 |
_aSpace (Architecture) _zUnited States. |
|
| 655 | 7 |
_aElectronic books. _2local |
|
| 710 | 2 | _aebrary, Inc. | |
| 830 | 0 | _aArchitecture, landscape, and American culture series. | |
| 856 | 4 | 0 |
_uhttp://site.ebrary.com/lib/rucke/Doc?id=10404177 _zAn electronic book accessible through the World Wide Web; click to view |
| 999 |
_c81686 _d81686 |
||